[Event "Essex league"]
[Site "?"]
[Date "1982.11.11"]
[Round "?"]
[White "Myall, I."]
[Black "Stebbings, A."]
[Result "1/2-1/2"]
[WhiteElo "2080"]
[BlackElo "2176"]
[PlyCount "63"]
[EventDate "1982.??.??"]

1. e4 Nf6 2. Nc3 d5 3. exd5 Nxd5 4. Bc4 Nb6 5. Bb3 Nc6 6. d3 Bf5 7. Nge2 e6 8.
Be3 Be7 9. Ng3 Bg6 10. O-O O-O 11. f4 Nd4 12. Nce4 Qd7 13. c3 Nxb3 14. axb3
Rfd8 15. d4 Nd5 16. Bd2 a5 17. Qe2 Nf6 18. Nxf6+ Bxf6 19. Be3 Ra6 20. Rfd1 h6
21. Rd2 a4 22. Qd1 Rda8 23. bxa4 Rxa4 24. Rxa4 Qxa4 25. Qxa4 Rxa4 26. d5 Ra2
27. dxe6 fxe6 28. Ne2 Be8 29. Nd4 Kf7 30. Nf3 Bc6 31. Ne5+ Bxe5 32. fxe5
1/2-1/2

[Event "County match"]
[Site "?"]
[Date "1982.11.13"]
[Round "?"]
[White "Watson, I."]
[Black "Stebbings, A."]
[Result "0-1"]
[WhiteElo "2304"]
[BlackElo "2176"]
[PlyCount "81"]
[EventDate "1982.??.??"]

1. d4 Nf6 2. Nf3 g6 3. Nbd2 d5 4. e3 Bg7 5. Bd3 c5 6. c3 Nbd7 7. O-O O-O 8. Ne5
Nxe5 9. dxe5 Ng4 10. Be2 Nxe5 11. f4 Nc6 12. Nb3 b6 13. Bf3 e6 14. e4 dxe4 15.
Bxe4 Bb7 16. Be3 Qxd1 17. Rfxd1 Rad8 18. a4 Rxd1+ 19. Rxd1 Rd8 20. Ra1 e5 21.
a5 Nxa5 22. Bxb7 Nxb7 23. Rxa7 Nd6 24. fxe5 Nc4 25. Bg5 Rd1+ 26. Kf2 h6 27. Bf4
Rb1 28. Ra2 Bxe5 29. Nd2 Rxb2 30. Rxb2 Nxb2 31. Bxe5 Nd3+ 32. Ke3 Nxe5 33. Ke4
f6 34. Kd5 Kf7 35. Kd6 g5 36. c4 Nd3 37. Kc6 f5 38. Kxb6 Ke6 39. Kc6 f4 40. h3
h5 41. Ne4 0-1

[Event "National Club ch."]
[Site "?"]
[Date "1982.11.20"]
[Round "?"]
[White "Redmond, N."]
[Black "Stebbings, A."]
[Result "0-1"]
[WhiteElo "1672"]
[BlackElo "2176"]
[PlyCount "69"]
[EventDate "1982.??.??"]

1. d4 Nf6 2. Nc3 d5 3. Bg5 Nbd7 4. Nf3 e6 5. e4 h6 6. Bh4 g5 7. Bg3 Nxe4 8.
Nxe4 dxe4 9. Nd2 Bg7 10. Nxe4 f5 11. Qh5+ Kf8 12. Qf3 Kg8 13. Bc4 Nb6 14. Qxf5
Nxc4 15. Qb5 Qxd4 16. Qe8+ Kh7 17. Nxg5+ hxg5 18. Qh5+ Bh6 19. O-O Bd7 20. Rad1
Qg7 21. Rfe1 Rhf8 22. b3 Nd6 23. Qe2 Rae8 24. Be5 Qg6 25. c4 Bc6 26. f3 Rf7 27.
Bxd6 cxd6 28. Rxd6 Rd7 29. Rxe6 Rxe6 30. Qxe6 Qxe6 31. Rxe6 Bf8 32. Kf2 Rd2+
33. Re2 Bc5+ 34. Ke1 Rxe2+ 35. Kxe2 0-1

[Event "Tournament: Lewisham International"]
[Site "?"]
[Date "1982.11.22"]
[Round "?"]
[White "Milos, G."]
[Black "Stebbings, A."]
[Result "1-0"]
[WhiteElo "2392"]
[BlackElo "2176"]
[PlyCount "37"]
[EventDate "1982.??.??"]

1. d4 Nf6 2. c4 g6 3. Nc3 d5 4. Nf3 Bg7 5. Qa4+ Bd7 6. Qb3 dxc4 7. Qxc4 O-O 8.
e4 Bg4 9. Be3 Nfd7 10. Rd1 Nc6 11. Qb3 e5 12. dxe5 Bxf3 13. gxf3 Ncxe5 14. Bg2
Qh4 15. O-O Qh5 16. Qb5 Nxf3+ 17. Bxf3 Qxf3 18. Qxd7 Rad8 19. Qxc7 1-0

[Event "Tournament: Lewisham International"]
[Site "?"]
[Date "1982.11.23"]
[Round "?"]
[White "Stebbings, A."]
[Black "Rose, C."]
[Result "1-0"]
[WhiteElo "2176"]
[BlackElo "2048"]
[PlyCount "71"]
[EventDate "1982.??.??"]

1. d4 Nf6 2. c4 e6 3. Nc3 c5 4. Nf3 cxd4 5. Nxd4 Bb4 6. g3 Qc7 7. Qb3 Bxc3+ 8.
Qxc3 a6 9. Bg2 d5 10. cxd5 Qxc3+ 11. bxc3 exd5 12. Ba3 Bd7 13. Rb1 b5 14. O-O
Nc6 15. Rfd1 Na5 16. Nc2 Bf5 17. Rbc1 Nc4 18. Bc5 Rc8 19. Bd4 Nb2 20. Re1 Be4
21. Nb4 O-O 22. Nxa6 Rc4 23. Nb4 Rfc8 24. Bxf6 gxf6 25. Nxd5 Bxd5 26. Bxd5 Rxc3
27. Rxc3 Rxc3 28. Bb3 Na4 29. e3 Nc5 30. Bd5 b4 31. Rb1 Nd3 32. Be4 Nc1 33.
Rxb4 Nxa2 34. Rb8+ Kg7 35. Bd5 Rc5 36. Bxa2 1-0

[Event "Tournament: Lewisham International"]
[Site "?"]
[Date "1982.11.24"]
[Round "?"]
[White "Prie, E."]
[Black "Stebbings, A."]
[Result "1/2-1/2"]
[WhiteElo "2360"]
[BlackElo "2176"]
[PlyCount "37"]
[EventDate "1982.??.??"]

1. Nf3 Nf6 2. c4 c5 3. d4 cxd4 4. Nxd4 e6 5. Nc3 Bb4 6. Bf4 O-O 7. Ndb5 d5 8.
a3 Bxc3+ 9. bxc3 Nc6 10. cxd5 exd5 11. e3 Bg4 12. Qa4 Qd7 13. Bd3 a6 14. Nd4
Rac8 15. O-O Ne4 16. Bxe4 dxe4 17. Nxc6 Qxc6 18. Qxc6 Rxc6 19. Be5 1/2-1/2

[Event "Tournament: Lewisham International"]
[Site "?"]
[Date "1982.11.24"]
[Round "?"]
[White "Stebbings, A."]
[Black "Branford, J."]
[Result "1-0"]
[WhiteElo "2176"]
[BlackElo "2256"]
[PlyCount "67"]
[EventDate "1982.??.??"]

1. e4 e6 2. d4 d5 3. Nd2 Nf6 4. e5 Nfd7 5. f4 c5 6. c3 Nc6 7. Ndf3 Qa5 8. dxc5
Qxc5 9. Ne2 Qb6 10. Ned4 Bc5 11. Be2 O-O 12. O-O a5 13. Kh1 a4 14. Bd3 h6 15.
Rg1 Bxd4 16. cxd4 f5 17. Bc2 Qa6 18. g4 fxg4 19. Nh4 Ne7 20. Qxg4 Rf7 21. f5
exf5 22. Qh5 Nf8 23. Bxh6 Qe6 24. Raf1 Ra6 25. Bg5 g6 26. Bxe7 Qxe7 27. Bxf5
Rh7 28. Nxg6 Nxg6 29. Rxg6+ Rxg6 30. Qxg6+ Rg7 31. Qh6 Bxf5 32. Rxf5 Qd7 33. e6
Qc7 34. Rh5 1-0

[Event "Tournament: Lewisham International"]
[Site "?"]
[Date "1982.11.25"]
[Round "?"]
[White "Tisdall, J."]
[Black "Stebbings, A."]
[Result "1-0"]
[WhiteElo "2432"]
[BlackElo "2176"]
[PlyCount "99"]
[EventDate "1982.??.??"]

1. d4 Nf6 2. c4 g6 3. Nc3 d5 4. cxd5 Nxd5 5. Nf3 Bg7 6. Qb3 Nb6 7. Bg5 h6 8.
Bh4 Be6 9. Qc2 O-O 10. Rd1 c6 11. e3 N8d7 12. Be2 f5 13. Bg3 Qe8 14. O-O Qf7
15. b3 Rac8 16. Rfe1 Kh8 17. Qd2 Rfd8 18. e4 fxe4 19. Nxe4 Nd5 20. Be5 N5f6 21.
Bd3 Bd5 22. Qf4 Kg8 23. Bxf6 Bxe4 24. Qxe4 Nxf6 25. Qxe7 Nd5 26. Qh4 Re8 27.
Ne5 Bxe5 28. dxe5 Kg7 29. Bc4 Rcd8 30. Rd3 Qf4 31. Qxf4 Nxf4 32. Rxd8 Rxd8 33.
g3 Nd5 34. Rd1 Kf7 35. f4 Ke6 36. Kf2 g5 37. Kf3 gxf4 38. gxf4 Rf8 39. Bxd5+
cxd5 40. Rc1 Rf7 41. Rg1 Kf5 42. Rg8 Rc7 43. Rf8+ Kg6 44. f5+ Kg7 45. Rd8 Rc2
46. Rxd5 Rxh2 47. Rd7+ Kf8 48. Rxb7 Rxa2 49. f6 Ra1 50. Kg4 1-0

[Event "Tournament: Lewisham International"]
[Site "?"]
[Date "1982.11.26"]
[Round "?"]
[White "Stebbings, A."]
[Black "LeontxoGarcia, O."]
[Result "0-1"]
[WhiteElo "2176"]
[BlackElo "2304"]
[PlyCount "80"]
[EventDate "1982.??.??"]

1. d4 f5 2. Bg5 Nf6 3. Bxf6 exf6 4. e3 d5 5. c4 c6 6. Nc3 Be6 7. Qb3 Qb6 8. c5
Qc7 9. Bd3 b6 10. Na4 bxc5 11. dxc5 Nd7 12. Qc3 f4 13. Nf3 fxe3 14. fxe3 Ne5
15. O-O Be7 16. b4 O-O 17. Qc2 g6 18. Nc3 Rab8 19. a3 Bd7 20. Ra2 a5 21. Nxe5
Qxe5 22. Nd1 axb4 23. axb4 Rxb4 24. Ra7 Bg4 25. Nf2 Bc8 26. Bxg6 f5 27. Nd3
Qxe3+ 28. Kh1 Rc4 29. Qb2 Bf6 30. Bxh7+ Kh8 31. Qb1 Rh4 32. Qd1 Rxh7 33. Rxh7+
Kxh7 34. Rf3 Qe7 35. Rh3+ Kg8 36. Qh5 f4 37. g4 Qe4+ 38. Kg1 Bd4+ 39. Kf1 Ba6
40. Qg5+ Bg7 0-1

[Event "Tournament: Lewisham International"]
[Site "?"]
[Date "1982.11.29"]
[Round "?"]
[White "Smart, L."]
[Black "Stebbings, A."]
[Result "1/2-1/2"]
[WhiteElo "2080"]
[BlackElo "2176"]
[PlyCount "49"]
[EventDate "1982.??.??"]

1. d4 Nf6 2. c4 g6 3. Nc3 d5 4. cxd5 Nxd5 5. e4 Nxc3 6. bxc3 Bg7 7. Bc4 c5 8.
Be3 Qa5 9. Ne2 cxd4 10. Bxd4 Bxd4 11. Qxd4 O-O 12. O-O Nc6 13. Qe3 b6 14. Bd5
Bb7 15. Nf4 e6 16. Nh5 exd5 17. exd5 Qc5 18. Nf6+ Kg7 19. Qg5 Qxc3 20. Ng4 Bc8
21. Rac1 Qd4 22. Rc4 Qb2 23. Rc2 Qd4 24. Rc4 Qb2 25. Rc2 1/2-1/2

[Event "Tournament: Lewisham International"]
[Site "?"]
[Date "1982.11.30"]
[Round "?"]
[White "Stebbings, A."]
[Black "Gallagher, J."]
[Result "0-1"]
[WhiteElo "2176"]
[BlackElo "2152"]
[PlyCount "98"]
[EventDate "1982.??.??"]

1. c4 g6 2. d4 Nf6 3. Nc3 Bg7 4. e4 d6 5. f3 O-O 6. Be3 Nc6 7. Nge2 Rb8 8. Nc1
e5 9. Nb3 exd4 10. Nxd4 a6 11. Be2 Bd7 12. Qd2 Re8 13. O-O b5 14. Rac1 Nxd4 15.
Bxd4 c6 16. Rfd1 b4 17. Nb1 c5 18. Bf2 Rb6 19. Bf1 Qc7 20. g3 a5 21. Bg2 Bc8
22. Re1 Bb7 23. Rcd1 Nd7 24. Qc2 Ne5 25. Nd2 Nc6 26. Nf1 Nd4 27. Qb1 Bc6 28.
Ne3 a4 29. h4 Rbb8 30. Kh2 h5 31. Kg1 Qe7 32. Nd5 Bxd5 33. cxd5 Qd7 34. Kh2 Nb5
35. Bf1 Nd4 36. Bxd4 Bxd4 37. Bc4 Qe7 38. Re2 g5 39. hxg5 Qxg5 40. Rg2 Kh8 41.
Qc2 h4 42. f4 Qh6 43. Rxd4 cxd4 44. Qd3 hxg3+ 45. Kg1 Qxf4 46. Qxd4+ f6 47. Qa7
Rbc8 48. Qf7 Qe3+ 49. Kh1 Qe1+ 0-1

[Event "Tournament: Lewisham International"]
[Site "?"]
[Date "1982.12.01"]
[Round "?"]
[White "Stebbings, A."]
[Black "Sibilio, M."]
[Result "0-1"]
[WhiteElo "2176"]
[BlackElo "2224"]
[PlyCount "76"]
[EventDate "1982.??.??"]

1. e4 c5 2. Nf3 b6 3. d4 cxd4 4. Nxd4 Bb7 5. Nc3 a6 6. f4 e6 7. Bd3 Qc7 8. Qf3
Nf6 9. Bd2 Nc6 10. Nb3 Nb4 11. a3 Nxd3+ 12. cxd3 d5 13. Rc1 dxe4 14. dxe4 Qc4
15. Nd5 exd5 16. Rxc4 dxc4 17. Nd4 Bxe4 18. Qe2 Bc5 19. Nf3 O-O-O 20. Qxc4 Bd3
21. Qxf7 Ne4 22. Qxg7 Rhg8 23. Qh6 Rd6 24. Qh3+ Kb8 25. Ne5 Nf2 26. Qf3 Be4 27.
Qe2 Rxg2 28. Qc4 Bd5 29. Qa4 Nxh1 30. Nd7+ Kc7 31. Nxc5 bxc5 32. f5 Nf2 33.
Ba5+ Kb7 34. Qe8 Nd3+ 35. Kf1 Bc6 36. Qe3 Rxb2 37. f6 Rxf6+ 38. Kg1 Rg2+ 0-1

[Event "Essex league"]
[Site "?"]
[Date "1982.12.02"]
[Round "?"]
[White "Stebbings, A."]
[Black "Rumsey, V."]
[Result "1-0"]
[WhiteElo "2176"]
[BlackElo "1912"]
[PlyCount "73"]
[EventDate "1982.??.??"]

1. d4 Nf6 2. c4 g6 3. Nc3 Bg7 4. e4 d6 5. f3 O-O 6. Be3 Nc6 7. Nge2 a6 8. Qd2
Rb8 9. h4 h5 10. Bh6 e5 11. d5 Bxh6 12. Qxh6 Na5 13. Ng3 c5 14. O-O-O Bd7 15.
Be2 b5 16. Nf1 Nxc4 17. Bxc4 bxc4 18. Ne3 Qe7 19. g4 hxg4 20. h5 g5 21. Qxg5+
Kh7 22. Nxg4 Bxg4 23. fxg4 Rg8 24. Qf5+ Kh6 25. Rdf1 Nxg4 26. Qxf7 Qg5+ 27. Kb1
Rxb2+ 28. Ka1 Rg2 29. Rf3 Rg7 30. Qe6+ Kh7 31. h6 Nxh6 32. Rxh6+ Qxh6 33. Rh3
Rg1+ 34. Kb2 R1g2+ 35. Ka3 R2g3 36. Qxh6+ Kg8 37. Qe6+ 1-0

[Event "County match"]
[Site "?"]
[Date "1982.12.04"]
[Round "?"]
[White "Stebbings, A."]
[Black "Lamford, P."]
[Result "1/2-1/2"]
[WhiteElo "2176"]
[BlackElo "2240"]
[PlyCount "61"]
[EventDate "1982.??.??"]

1. e4 c5 2. Nf3 Nc6 3. d4 cxd4 4. Nxd4 Nf6 5. Nc3 d6 6. f4 e5 7. Nf3 Be7 8. Bc4
O-O 9. f5 Qa5 10. Bd2 Qc5 11. Bb3 Nd4 12. Bg5 Nxb3 13. Bxf6 Qe3+ 14. Kf1 b6 15.
axb3 Bxf6 16. Qd2 Qxd2 17. Nxd2 Bb7 18. Ke2 Rfd8 19. Nc4 Be7 20. Ne3 Rdc8 21.
Rhd1 Rc6 22. Ned5 Kf8 23. Ra2 a5 24. Kf3 Rac8 25. Raa1 Bd8 26. Rd2 Rc5 27. b4
Rc4 28. b5 Rd4 29. Rad1 Rcc4 30. b3 Rxd2 31. Rxd2 1/2-1/2

[Event "Kent league"]
[Site "?"]
[Date "1982.12.15"]
[Round "?"]
[White "O'Brien, R."]
[Black "Stebbings, A."]
[Result "1/2-1/2"]
[WhiteElo "1992"]
[BlackElo "2176"]
[PlyCount "71"]
[EventDate "1982.??.??"]

1. d4 Nf6 2. g3 d5 3. Bg2 c6 4. Nf3 Bg4 5. h3 Bh5 6. O-O Nbd7 7. b3 e6 8. c4
Bd6 9. Bb2 Qb8 10. Nbd2 O-O 11. Nh4 b5 12. c5 Bc7 13. g4 Bg6 14. Nxg6 hxg6 15.
e3 e5 16. Rc1 Re8 17. dxe5 Bxe5 18. Bxe5 Nxe5 19. Nf3 Nxf3+ 20. Bxf3 Qe5 21.
Qd4 Qxd4 22. exd4 Ne4 23. Rfe1 Ng5 24. Kg2 Rxe1 25. Rxe1 Ne6 26. Rd1 g5 27. Kg3
f6 28. Rd2 Kf7 29. h4 gxh4+ 30. Kxh4 g5+ 31. Kg3 Nf4 32. Bg2 Re8 33. Bf3 Re1
34. Rc2 a5 35. Rd2 Rg1+ 36. Kh2 1/2-1/2

[Event "London league"]
[Site "?"]
[Date "1982.12.22"]
[Round "?"]
[White "Stebbings, A."]
[Black "Lynch, D."]
[Result "0-1"]
[WhiteElo "2176"]
[BlackElo "2160"]
[PlyCount "64"]
[EventDate "1982.??.??"]

1. e4 e5 2. Nf3 Nc6 3. Bb5 Bc5 4. O-O Nf6 5. c3 O-O 6. d4 Bb6 7. Re1 d6 8. h3
h6 9. Na3 exd4 10. Nxd4 Nxd4 11. cxd4 c6 12. Ba4 d5 13. e5 Ne4 14. Nc2 Qh4 15.
Be3 f6 16. f3 Ng3 17. Kh2 Nf5 18. exf6 Rxf6 19. Qd2 Qg3+ 20. Kh1 Bc7 21. Bg1
Bd7 22. Qf2 Qg5 23. Bh2 Ng3+ 24. Kg1 Raf8 25. Ne3 Bf4 26. Ng4 Bxg4 27. hxg4 Ne4
28. Qc2 Bxh2+ 29. Kxh2 Qh4+ 30. Kg1 Ng3 31. Rad1 Qh1+ 32. Kf2 Rxf3+ 0-1

[Event "Essex league"]
[Site "?"]
[Date "1983.01.04"]
[Round "?"]
[White "Saunders, W."]
[Black "Stebbings, A."]
[Result "0-1"]
[WhiteElo "2152"]
[BlackElo "2176"]
[PlyCount "112"]
[EventDate "1983.??.??"]

1. e4 c5 2. d3 Nc6 3. g3 g6 4. Bg2 Bg7 5. Nf3 e5 6. Nc3 Nge7 7. Be3 Nd4 8. O-O
d6 9. Qd2 h6 10. Ne2 Bg4 11. Bxd4 cxd4 12. c3 dxc3 13. bxc3 O-O 14. Rfb1 Qd7
15. a4 d5 16. Ne1 Rac8 17. Ra3 Be6 18. Qb2 Rc7 19. Qb5 Rd8 20. exd5 Bxd5 21.
Qxd7 Rdxd7 22. Rb5 Bxg2 23. Kxg2 Nf5 24. a5 Bf8 25. Ra4 Bc5 26. Rb1 Kg7 27. g4
Ne7 28. Ng3 f5 29. f4 exf4 30. Ne2 g5 31. d4 Bd6 32. h3 fxg4 33. hxg4 Nd5 34.
c4 Ne3+ 35. Kf3 Rxc4 36. Ra2 Kg6 37. a6 b6 38. Nd3 Nc2 39. Ke4 Bc7 40. Nf2 Nb4
41. Ra3 Re7+ 42. Kf3 Nxa6 43. Ne4 Nb4 44. Rxa7 Nc6 45. Rxc7 Rxc7 46. Rxb6 Rb4
47. Ra6 Rb3+ 48. Kf2 Kf7 49. Nc5 Re3 50. d5 Ne5 51. Ne6 Nxg4+ 52. Kf1 Rd7 53.
Ra5 f3 54. N2d4 f2 55. Nc2 Rf3 56. Ned4 Nh2+ 0-1

[Event "County match"]
[Site "?"]
[Date "1983.01.15"]
[Round "?"]
[White "Golombek, H."]
[Black "Stebbings, A."]
[Result "1/2-1/2"]
[WhiteElo "2120"]
[BlackElo "2176"]
[PlyCount "70"]
[EventDate "1983.??.??"]

1. c4 Nf6 2. Nc3 d5 3. e3 g6 4. Nf3 Bg7 5. Be2 O-O 6. O-O c5 7. cxd5 Nxd5 8.
Qb3 Nb6 9. Rd1 Be6 10. Qc2 Nc6 11. Ne4 c4 12. a3 Rc8 13. Nfg5 Bd5 14. Nc3 Ne5
15. f4 Nd3 16. Bxd3 cxd3 17. Qxd3 Bb3 18. Qxd8 Rfxd8 19. Re1 Na4 20. Nf3 Rd3
21. Ne4 Rc2 22. Nf2 Rd7 23. d4 Rdc7 24. Nd3 a5 25. Bd2 Nxb2 26. Nxb2 Rxb2 27.
Rac1 Rcc2 28. Rxc2 Rxc2 29. Bxa5 e6 30. Bb4 Bf8 31. Ne5 f6 32. Nd7 Bxb4 33.
axb4 f5 34. Rb1 Ba2 35. Ra1 Kg7 1/2-1/2

[Event "Essex league"]
[Site "?"]
[Date "1983.01.20"]
[Round "?"]
[White "Coleman, D."]
[Black "Stebbings, A."]
[Result "1-0"]
[WhiteElo "2160"]
[BlackElo "2176"]
[PlyCount "72"]
[EventDate "1983.??.??"]

1. e4 Nf6 2. e5 Nd5 3. c4 Nb6 4. d4 d6 5. f4 dxe5 6. fxe5 Nc6 7. Be3 Bf5 8. Nc3
e6 9. Nf3 Be7 10. d5 exd5 11. cxd5 Nb4 12. Nd4 Bd7 13. e6 fxe6 14. dxe6 Bc6 15.
Qg4 Bh4+ 16. g3 Bxh1 17. O-O-O O-O 18. gxh4 Qf6 19. Bb5 Qe5 20. Bh6 Rfd8 21.
Rg1 g6 22. Nde2 Nxa2+ 23. Nxa2 Qxb5 24. Qf4 Rf8 25. Qd4 Qc4+ 26. Qxc4 Nxc4 27.
Rxh1 Rf2 28. Nac3 Re8 29. Nf4 Nxb2 30. Ncd5 Kh8 31. Nf6 Re7 32. N6d5 Re8 33.
Bg5 Kg7 34. Bf6+ Kf8 35. Bd4 Rf3 36. Kxb2 c6 1-0

[Event "London league"]
[Site "?"]
[Date "1983.01.27"]
[Round "?"]
[White "McCague, B."]
[Black "Stebbings, A."]
[Result "0-1"]
[WhiteElo "2040"]
[BlackElo "2176"]
[PlyCount "70"]
[EventDate "1983.??.??"]

1. d4 Nf6 2. c4 g6 3. Nc3 d5 4. Nf3 Bg7 5. cxd5 Nxd5 6. e4 Nxc3 7. bxc3 c5 8.
Rb1 O-O 9. Be2 Qa5 10. O-O Qxc3 11. Bd2 Qa3 12. Bg5 cxd4 13. e5 Nc6 14. Nxd4
Rd8 15. Nxc6 Rxd1 16. Nxe7+ Kh8 17. Rfxd1 Be6 18. Bf6 b6 19. Bf3 Rf8 20. Rd4 h6
21. Rbd1 Qxa2 22. Bd5 Bxd5 23. Nxd5 b5 24. Rh4 Bxf6 25. Nxf6 Kg7 26. g4 Qb2 27.
Re1 a5 28. g5 Rh8 29. e6 fxe6 30. Rxe6 Qc1+ 31. Kg2 Qxg5+ 32. Rg4 Qxf6 33. Rxf6
Kxf6 34. Rd4 Ke5 35. Rd7 Rb8 0-1

[Event "County match"]
[Site "?"]
[Date "1983.01.29"]
[Round "?"]
[White "Yerbury, P."]
[Black "Stebbings, A."]
[Result "1-0"]
[WhiteElo "2160"]
[BlackElo "2176"]
[PlyCount "73"]
[EventDate "1983.??.??"]

1. e4 c5 2. Nf3 e6 3. d4 cxd4 4. Nxd4 Nc6 5. Nc3 a6 6. Nxc6 bxc6 7. Bd3 d5 8.
O-O Nf6 9. Qe2 Be7 10. b3 O-O 11. Bb2 Ra7 12. Rad1 Re8 13. Kh1 Qa5 14. e5 Nd7
15. f4 Nc5 16. Rf3 f5 17. Rh3 g6 18. g4 Bf8 19. gxf5 exf5 20. Qf2 Rd7 21. Rg3
Rf7 22. Be2 Ne4 23. Nxe4 fxe4 24. Bg4 Bc5 25. Qg2 Bxg4 26. Rxg4 Re6 27. Rf1 Rf5
28. Rg5 Rxg5 29. Qxg5 Qb5 30. Qg2 Re8 31. f5 Rf8 32. e6 Be7 33. f6 Bxf6 34.
Bxf6 e3 35. e7 Re8 36. Qh3 Kf7 37. Bg5+ 1-0

[Event "County match"]
[Site "?"]
[Date "1983.02.12"]
[Round "?"]
[White "Swanson, S."]
[Black "Stebbings, A."]
[Result "1-0"]
[WhiteElo "2200"]
[BlackElo "2176"]
[PlyCount "49"]
[EventDate "1983.??.??"]

1. e4 c5 2. Nf3 e6 3. d3 Nc6 4. g3 d5 5. Nbd2 Bd6 6. Bg2 Nge7 7. O-O O-O 8. b3
f6 9. Bb2 e5 10. exd5 Nxd5 11. d4 cxd4 12. Nxd4 Be7 13. Nxc6 bxc6 14. a3 Qb6
15. Qe2 Bf5 16. Be4 Be6 17. Rae1 a5 18. Qh5 h6 19. Qg6 Rfd8 20. Nc4 Qc5 21.
Nxe5 Kf8 22. c4 Nc7 23. Nxc6 Bf7 24. Qf5 Rd2 25. Bc3 1-0

[Event "Eastman cup"]
[Site "London"]
[Date "1983.02.16"]
[Round "?"]
[White "Tisdall, J."]
[Black "Stebbings, A."]
[Result "1-0"]
[WhiteElo "2432"]
[BlackElo "2176"]
[PlyCount "89"]
[EventDate "1983.??.??"]

1. d4 Nf6 2. c4 g6 3. Nc3 d5 4. cxd5 Nxd5 5. e4 Nxc3 6. bxc3 Bg7 7. Bc4 c5 8.
Ne2 Nc6 9. Be3 O-O 10. O-O Qc7 11. Rc1 Rd8 12. Bf4 Qd7 13. d5 Na5 14. Bd3 e5
15. Bg5 f6 16. Be3 c4 17. Bc2 Qd6 18. Qd2 Bd7 19. f4 b5 20. Ng3 Nb7 21. h4 Qa3
22. h5 Nd6 23. hxg6 hxg6 24. fxe5 fxe5 25. Bh6 Rf8 26. Bxg7 Qc5+ 27. Kh2 Kxg7
28. Nh5+ gxh5 29. Qg5+ Kh7 30. Qxh5+ Kg8 31. Qg5+ Kh8 32. Qxe5+ Kg8 33. Qg5+
Kh8 34. Qh6+ Kg8 35. Qg6+ Kh8 36. e5 Bf5 37. Bxf5 Rxf5 38. Rxf5 Nxf5 39. Qxf5
Qxd5 40. Rh1 Kg7 41. Qf6+ Kg8 42. Qg6+ Kf8 43. Rf1+ Ke7 44. Qg7+ Ke6 45. Qf7+
1-0

[Event "Essex league"]
[Site "?"]
[Date "1983.02.17"]
[Round "?"]
[White "Smith, AT."]
[Black "Stebbings, A."]
[Result "0-1"]
[WhiteElo "2008"]
[BlackElo "2176"]
[PlyCount "67"]
[EventDate "1983.??.??"]

1. c4 Nf6 2. Nf3 c5 3. Nc3 d5 4. cxd5 Nxd5 5. Nxd5 Qxd5 6. g3 Nc6 7. Bg2 e5 8.
d3 Bg4 9. h3 Bh5 10. g4 Bg6 11. Nh4 Qd7 12. O-O Bd6 13. Nxg6 hxg6 14. e3 O-O
15. Bd2 Rfd8 16. Qb3 Rac8 17. Rfd1 b6 18. a3 Bb8 19. Bc3 Kh7 20. Qa4 Qd6 21.
Qe4 Qd7 22. b4 cxb4 23. axb4 f5 24. gxf5 gxf5 25. Qh4+ Kg8 26. Rac1 b5 27. Be1
Ne7 28. Rc5 e4 29. d4 Bd6 30. Rxc8 Rxc8 31. f3 exf3 32. Bxf3 Qe6 33. e4 fxe4
34. Bxe4 0-1

[Event "Kent league"]
[Site "?"]
[Date "1983.02.25"]
[Round "?"]
[White "Stebbings, A."]
[Black "Brown, J."]
[Result "1-0"]
[WhiteElo "2176"]
[BlackElo "1952"]
[PlyCount "41"]
[EventDate "1983.??.??"]

1. d4 Nf6 2. c4 e6 3. Nc3 Bb4 4. e3 c5 5. Nge2 O-O 6. a3 Bxc3+ 7. Nxc3 d6 8.
Bd3 Nc6 9. O-O h6 10. d5 Ne5 11. f4 Nxd3 12. Qxd3 Qe7 13. e4 Re8 14. e5 dxe5
15. fxe5 Ng4 16. d6 Nxe5 17. Qg3 Qxd6 18. Bxh6 Qd4+ 19. Be3 Qd6 20. Ne4 Qb8 21.
Bf4 1-0

[Event "County match"]
[Site "?"]
[Date "1983.03.05"]
[Round "?"]
[White "Stebbings, A."]
[Black "Ivell, N."]
[Result "1/2-1/2"]
[WhiteElo "2176"]
[BlackElo "2200"]
[PlyCount "80"]
[EventDate "1983.??.??"]

1. d4 Nf6 2. c4 e6 3. Nc3 Bb4 4. e3 b6 5. Nge2 Ba6 6. Ng3 Bxc3+ 7. bxc3 d5 8.
Qf3 O-O 9. cxd5 Qxd5 10. e4 Qb7 11. Bxa6 Qxa6 12. Qe2 Qxe2+ 13. Kxe2 Nbd7 14.
Bg5 h6 15. Bxf6 Nxf6 16. e5 Nd5 17. Ne4 f5 18. exf6 gxf6 19. c4 Nb4 20. Rhd1
Rad8 21. Rd2 f5 22. Nc3 Nc6 23. Rad1 Na5 24. c5 c6 25. cxb6 axb6 26. Na4 b5 27.
Nc5 Rd6 28. a4 bxa4 29. Nxa4 Rfd8 30. Nc5 Nc4 31. Rc2 Na3 32. Rcd2 Rd5 33. Rd3
Nc2 34. Nxe6 Re8 35. Kd2 Rxe6 36. Kxc2 Red6 37. Kc3 Kg7 38. Kc4 Rd7 39. Rg3+
Kf7 40. Rdd3 R7d6 1/2-1/2

[Event "National Club ch."]
[Site "?"]
[Date "1983.03.06"]
[Round "?"]
[White "Stebbings, A."]
[Black "Simmons, J."]
[Result "1-0"]
[WhiteElo "2176"]
[BlackElo "1768"]
[PlyCount "49"]
[EventDate "1983.??.??"]

1. e4 e6 2. d4 d5 3. Nd2 c5 4. exd5 exd5 5. Ngf3 Nc6 6. Bb5 Qe7+ 7. Be2 c4 8.
c3 Be6 9. b3 Nf6 10. O-O Ne4 11. Nxe4 dxe4 12. Ng5 cxb3 13. axb3 O-O-O 14. Nxe4
Bxb3 15. Qxb3 Qxe4 16. Bf3 Qg6 17. Rxa7 Rd7 18. Ra8+ Nb8 19. Bf4 Bd6 20. Bxd6
Qxd6 21. Bg4 Rhd8 22. Rb1 Qc6 23. Qxf7 b6 24. Bxd7+ Rxd7 25. Qe8+ 1-0

[Event "Essex league"]
[Site "?"]
[Date "1983.03.10"]
[Round "?"]
[White "Simpson, A."]
[Black "Stebbings, A."]
[Result "1/2-1/2"]
[WhiteElo "2120"]
[BlackElo "2176"]
[PlyCount "72"]
[EventDate "1983.??.??"]

1. e4 c5 2. Nf3 e6 3. d4 cxd4 4. c3 dxc3 5. Nxc3 d6 6. Bc4 Ne7 7. O-O Ng6 8.
Bg5 Qc7 9. Rc1 Nc6 10. Nd5 Qb8 11. Bb5 Bd7 12. Qa4 Be7 13. Nxe7 Ngxe7 14. Bxe7
Kxe7 15. e5 dxe5 16. Rfe1 f6 17. Qh4 Kf7 18. Red1 Qc7 19. Rc3 Rad8 20. Qh5+ g6
21. Qh6 e4 22. Nd2 Be8 23. Rcc1 Qe5 24. Nc4 Qc5 25. Nd6+ Qxd6 26. Rxd6 Rxd6 27.
Qe3 a6 28. Ba4 f5 29. Qb6 Rf8 30. Qxb7+ Kg8 31. h3 Nd4 32. Bd1 Bf7 33. Rc8 Rxc8
34. Qxc8+ Kg7 35. Qc7 Nb5 36. Qc1 e5 1/2-1/2

[Event "London league"]
[Site "?"]
[Date "1983.03.14"]
[Round "?"]
[White "Stebbings, A."]
[Black "Lund, D."]
[Result "1-0"]
[WhiteElo "2176"]
[BlackElo "2128"]
[PlyCount "65"]
[EventDate "1983.??.??"]

1. e4 c5 2. Nf3 e6 3. d4 cxd4 4. Nxd4 a6 5. Nc3 Qc7 6. Bd3 b5 7. O-O Bb7 8. Qe2
Nc6 9. Nxc6 Qxc6 10. a4 b4 11. Nd5 Nf6 12. Nxf6+ gxf6 13. Bd2 h5 14. c3 b3 15.
f3 h4 16. Be3 Bd6 17. Kh1 Ke7 18. a5 Rag8 19. Qd1 Rg7 20. Qxb3 Rhg8 21. Rf2
Bxh2 22. Kxh2 Qd6+ 23. Kh1 h3 24. g4 Qc7 25. Qb6 Qc8 26. Bc5+ Ke8 27. Qd6 Qd8
28. Ra4 f5 29. Rb4 fxg4 30. Rxb7 g3 31. Rb8 g2+ 32. Kg1 h2+ 33. Qxh2 1-0

[Event "London league"]
[Site "?"]
[Date "1983.03.22"]
[Round "?"]
[White "Stebbings, A."]
[Black "Parkes, T."]
[Result "1/2-1/2"]
[WhiteElo "2176"]
[BlackElo "2200"]
[PlyCount "61"]
[EventDate "1983.??.??"]

1. e4 Nf6 2. e5 Nd5 3. d4 d6 4. Nf3 g6 5. Bc4 c6 6. exd6 Qxd6 7. O-O a5 8. Re1
Be6 9. Bf1 Bg7 10. Nbd2 O-O 11. Nc4 Qc7 12. Nce5 Nd7 13. c4 Nxe5 14. Nxe5 Nf6
15. Qc2 Rfd8 16. Be3 Nd7 17. Nf3 Bf5 18. Qe2 Nf8 19. Rad1 Rd7 20. h3 Rad8 21.
g3 h5 22. Rd2 Ne6 23. Red1 Be4 24. Ne5 Bxe5 25. dxe5 Rxd2 26. Rxd2 Rxd2 27.
Bxd2 Qxe5 28. Bg2 f5 29. Bc3 Nd4 30. Qe3 c5 31. Bxa5 1/2-1/2

[Event "Essex league"]
[Site "?"]
[Date "1983.03.25"]
[Round "?"]
[White "Stebbings, A."]
[Black "Cooper, J."]
[Result "0-1"]
[WhiteElo "2176"]
[BlackElo "2328"]
[PlyCount "60"]
[EventDate "1983.??.??"]

1. d4 d5 2. c4 e6 3. Nc3 Be7 4. cxd5 exd5 5. Bf4 c6 6. e3 Bf5 7. Nge2 Nf6 8.
Ng3 Be6 9. Bd3 O-O 10. O-O g6 11. Rb1 Nbd7 12. b4 Re8 13. f3 a5 14. a3 axb4 15.
axb4 Nb6 16. Nce2 h5 17. e4 h4 18. Nh1 dxe4 19. fxe4 Nh5 20. Bc1 Nc4 21. b5 Bg5
22. bxc6 bxc6 23. Rf3 h3 24. gxh3 Ra2 25. Bc2 Bxc1 26. Qxc1 Qa5 27. Rd3 Na3 28.
Rb2 Rxb2 29. Qxb2 Qe1+ 30. Kg2 Qxe2+ 0-1